000 00799nam0a22002171 4500
001 rc\4397072
005 20250611165612.0
035 _a(NLR Aleph) 008296387
090 _a8608330
_c8608330
100 _a20130416d1961 |||y0rusy50 ca
101 0 _arus
102 _aRU
105 _aa z |||||
200 1 _aДатчик удельного веса ДУВ
_eИнструкция по монтажу и эксплуатации
_fВСНХ. Спец. конструкторское бюро по автоматике в нефтепереработке и нефтехимии СКБ-АНН
210 _aМосква
_cБ. и.
_d1961
215 _a19 с., 1 л. черт.
_cил.
_d21
801 0 _aRU
_bNLR
_gpsbo
801 1 _aRU
_bELAR
_2rusmarc
852 _aNLR
_j62-6/2881
942 _cBOOK
980 _aNB